000 00660nas a2200193 i 4500
001 165499
003 ES-MaACL
005 20250217134827.0
008 990610m18681935fr n 000 |fre d
110 2 _aSociété de Linguistique de Paris.
_9134956
245 1 0 _aMémoires de la Société de Linguistique de Paris.
260 _aParis :
_bLibrairie A. Franck,
_c1868-1935 (
_fTyp. de Ad. Lainé et J. Harvard)
300 _a2 v. ;
_c24 cm.
310 _aIrregular
650 4 _aLingüística.
_914463
852 _aES-MaACL
_jC-10890-91
_z- Enc. hol.
866 0 _ot. IV, 1881 (VI, 444 p.), t. V, 5e fasc., 1884 (XVI, 460 p.)
999 _c165499
_d165499